| 000 | 00454cam a2200157 4500500 | ||
|---|---|---|---|
| 005 | 20251228072917.0 | ||
| 041 | _afre | ||
| 042 | _adc | ||
| 100 | 1 | 0 |
_aChoquet, Sabine _eauthor |
| 700 | 1 | 0 |
_aLétourneau, Jocelyn _eauthor |
| 245 | 0 | 0 | _aPrésentation |
| 260 | _c2005. | ||
| 500 | _a13 | ||
| 786 | 0 | _nCités | 23 | 3 | 2005-09-01 | p. 11-13 | 1299-5495 | |
| 856 | 4 | 1 | _uhttps://shs.cairn.info/revue-cites-2005-3-page-11?lang=fr&redirect-ssocas=7080 |
| 999 |
_c1594406 _d1594406 |
||